|
|
|
|
| LEADER |
01120nam a2200253 a 4500 |
| 001 |
001321638-4 |
| 008 |
100104s1981 gw b 000 0 eng d |
| 020 |
|
|
|a 0342071X.
|
| 020 |
|
|
|a 3881562001
|
| 040 |
|
|
|a TOZ
|c TOZ
|d DLC
|d BD-DhAAL
|
| 082 |
0 |
0 |
|a 301.41/2/0954922
|2 20
|
| 100 |
1 |
|
|a Martius-von Harder, Gudrun.
|
| 245 |
1 |
0 |
|a Women in rural Bangladesh :
|b an empirical study in four villages of Comilla District /
|c Gudrun Martius-von Harder.
|
| 260 |
|
|
|a Saarbrücken ;
|a Ft. Lauderdale :
|b Breitenback,
|c 1981.
|
| 300 |
|
|
|a xii, 214 p. ;
|c 21 cm.
|
| 490 |
|
|
|a Socio-economic studies on rural development.
|
| 500 |
|
|
|a Translation of Die Frau im ländlichen Bangladesh
|
| 504 |
|
|
|a Includes bibliographical references (p. 203-214).
|
| 541 |
1 |
|
|e 00004646
|
| 650 |
|
0 |
|a Women
|z Bangladesh
|x Comilla (District)
|
| 650 |
|
0 |
|a Villages
|z Bangladesh
|x Comilla (District)
|
| 852 |
4 |
|
|a Ayesha Abed Library
|j General shelf
|
| 999 |
|
|
|c 7013
|d 7013
|
| 952 |
|
|
|0 0
|1 0
|2 ddc
|4 0
|6 301_412095492200000_MAR_1981
|7 0
|9 7268
|a BRACUL
|b BRACUL
|c GEN
|d 2010-01-17
|g 0.00
|l 0
|o 301.4120954922 MAR
|p 3010004646
|r 2010-01-17
|w 2010-01-17
|y BK
|z Not price in Register
|